| 000 | 00287 a2200109 4500 | ||
|---|---|---|---|
| 001 | 57570 | ||
| 082 | _a629.1341 KER | ||
| 090 |
_c35304 _d35304 |
||
| 100 | _aKermode A. C | ||
| 245 | _aAeroplane Structure; The Design And purpose of aeroplane parts. | ||
| 260 |
_aLondon _bPitman _c1945 |
||
| 942 |
_aNUST-CAE _k629.1341 KER |
||
| 999 |
_c292643 _d292643 |
||